Statistics for WWE diehard fan quiz

Click here to take the quiz!

General Stats

  • This quiz has been taken 143 times
  • The average score is 9 of 15

Answer Stats

HintAnswer% Correct
Who was thrown off the cell in kotr 1998Mankind
87%
Debuted at Royal Rumble 2016AJ Styles
86%
1st ever Undisputed championChris Jericho
79%
Lost World Heavyweight Title in 18 seconds at wmDaniel Bryan
77%
1st man to fail mitb cash inJohn Cena
76%
1st ever Royal Rumble WinnerJim Duggan
71%
Which Year RAW orginated1993
69%
Last World Heavyweight championRandy Orton
62%
Undertaker's 1st wm opponentJimmy Snuka
61%
WCW legend who returned after 14 yearsSting
61%
Most PPV appearanceKane
59%
Randy orton's debut match is againstHardcore Holly
31%
Youngest Hall of Famer(hint:its a women)Beth Phoenix
30%
First victim of the tombstone piledriverKoko B Ware
18%
Undertaker's last match as the american badass is againstMr Mcmahon
12%

Score Distribution

Percentile by Number Answered

Percent of People with Each Score

Your Score History

You have not taken this quiz